Entry Personal Name
Number of records used in: 1
001 - CONTROL NUMBER
003 - CONTROL NUMBER IDENTIFIER
005 - DATE AND TIME OF LATEST TRANSACTION
- control field:
20221029113630.0
008 - FIXED-LENGTH DATA ELEMENTS
- fixed length control field:
820218n| azannaabn |a aaa
010 ## - LIBRARY OF CONGRESS CONTROL NUMBER
- LC control number:
n 81145843
035 ## - SYSTEM CONTROL NUMBER
- System control number:
(OCoLC)oca00690614
040 ## - CATALOGING SOURCE
- Original cataloging agency:
DLC
- Language of cataloging:
eng
- Transcribing agency:
DLC
- Description conventions:
rda
- Modifying agency:
DLC
- Modifying agency:
Uk
- Modifying agency:
NmU
- Modifying agency:
DLC
046 ## - SPECIAL CODED DATES
100 1# - HEADING--PERSONAL NAME
- Personal name:
Lucas, J. A.
- Fuller form of name:
(John Alexander),
- Dates associated with a name:
1948-
400 1# - SEE FROM TRACING--PERSONAL NAME
- Personal name:
Lucas, John A.
- Fuller form of name:
(John Alexander),
- Dates associated with a name:
1948-
400 1# - SEE FROM TRACING--PERSONAL NAME
- Personal name:
Lucas, John,
- Dates associated with a name:
1948-
400 1# - SEE FROM TRACING--PERSONAL NAME
- Personal name:
Lucas, John Alexander,
- Dates associated with a name:
1948-
400 1# - SEE FROM TRACING--PERSONAL NAME
- Control subfield:
nne
- Personal name:
Lucas, John Alexander
670 ## - SOURCE DATA FOUND
- Source citation:
Dickinson, C.H. Plant pathology and plant pathogens, 1977:
- Information found:
t.p. (J.A. Lucas)
670 ## - SOURCE DATA FOUND
- Source citation:
Dickinson, C.H. The encyclopedia of mushrooms, 1982:
- Information found:
t.p. (John Lucas)
670 ## - SOURCE DATA FOUND
- Source citation:
Plant pathology and plant pathogens, 1998:
- Information found:
t.p. (John A. Lucas)
670 ## - SOURCE DATA FOUND
- Source citation:
Letter from author, pre-20 Oct. 1988
- Information found:
(John Alexander Lucas, born 1948)